00724nam a2200229Ia 4500003000900000008004100009040001300050040001300063041000800076100001900084245008300103250001100186260002700197260000900224300001200233300001200245490000600257710000900263942000700272999001700279952019800296IT-RoPAU120407s9999 xx 000 0 und d aIT-RoPAU cIT-RoPAU aeng aWilliam Little a"The shorter Oxford english dictionary. On historical principles. Vol. I: A-M" aOxford aAt the Clarendon Press c1993 a1306 p. c27,5 cm v1 aetc. cBK c25168d25168 00102ddc406423_51000000000000071aPAULUSbPAULUSd2012-04-11l0o423.51r2012-04-11 00:00:00w2012-04-11yBKzInserito da: Jole In data: 12 settembre 2011 fondo: Via A.Severo 56 Progr:35182